The Implementation Steps of the Application of Circular Waste Management

Salvato in:
Dettagli Bibliografici
Autore principale: Foltínová, Ľubica, 1975-
Natura: Capitolo di libro
Lingua:inglese
Soggetti:
Tags: Aggiungi Tag
Nessun Tag, puoi essere il primo ad aggiungerne!!

MARC

LEADER 00000naa$a2200000$$$4500
001 0314363
005 20260128082334.6
041 0 |a eng 
044 |a SK 
245 1 0 |a The Implementation Steps of the Application of Circular Waste Management 
610 2 0 |a ekonómia 
610 2 0 |a manažment 
610 2 0 |a podnikanie 
610 2 0 |a digitalizácia 
610 2 0 |a financie 
100 1 |a Foltínová, Ľubica, 1975-